Arsenal Greatest XI Of All Time - Statistics

General Stats
  • This quiz has been taken 812 times
  • The average score is 6 of 11
Answer Stats
Position Player % Correct
CF Thierry Henry
99%
SS Dennis Bergkamp
85%
CM Patrick Vieira
82%
LM Robert Pires
80%
GK David Seaman
79%
CB Tony Adams
63%
RB Lee Dixon
40%
LB Nigel Winterburn
27%
RM Liam Brady
14%
CM David Rocastle
9%
CB Frank McLintock
5%
No matching quizzes found
Score Distribution
Percent of People with Each Score
Percentile by Number Answered
Your Score History
You have not taken this quiz